The nine songs : (Record no. 22476)
[ view plain ]
| 000 -LEADER | |
|---|---|
| fixed length control field | 01109cam a2200337 a 4500 |
| 001 - CONTROL NUMBER | |
| control field | 22476 |
| 003 - CONTROL NUMBER IDENTIFIER | |
| rucl marc code | BD-RjUL |
| 005 - DATE AND TIME OF LATEST TRANSACTION | |
| control field | 20211209000818.0 |
| 008 - FIXED-LENGTH DATA ELEMENTS--GENERAL INFORMATION | |
| fixed length control field | 140308r19561955enk 001 0 eng |
| 035 ## - SYSTEM CONTROL NUMBER | |
| System control number | (BD-RjUL)22541 |
| System control number | 1126308 |
| 040 ## - CATALOGING SOURCE | |
| Original cataloging agency | WAPLP |
| Language of cataloging | eng |
| Transcribing agency | WAPLP |
| Modifying agency | NU |
| -- | BD-RjUL |
| 041 1# - LANGUAGE CODE | |
| Language code of text/sound track or separate title | engchi |
| 082 14 - DEWEY DECIMAL CLASSIFICATION NUMBER | |
| Classification number | 895.11 |
| Edition number | 19 |
| Author mark and year | CHN |
| 100 1# - MAIN ENTRY--PERSONAL NAME | |
| Personal name | Ch`u, Yuan, |
| Dates associated with a name | approximately 343 B.C.-approximately 277 B.C. |
| 9 (RLIN) | 69411 |
| 245 14 - TITLE STATEMENT | |
| Title | The nine songs : |
| Remainder of title | a study of shamanism in ancient China / |
| Statement of responsibility, etc. | [translated, annotated and edited by] Arthur Waley. |
| 246 3# - VARYING FORM OF TITLE | |
| Title proper/short title | 9 songs |
| 260 ## - PUBLICATION, DISTRIBUTION, ETC. (IMPRINT) | |
| Place of publication, distribution, etc. | London : |
| Name of publisher, distributor, etc. | G. Allen and Unwin, |
| Date of publication, distribution, etc. | 1955 [impression 1956] |
| 300 ## - PHYSICAL DESCRIPTION | |
| Pagination | 64 p. ; |
| Size | 23 cm. |
| 500 ## - GENERAL NOTE | |
| General note | Attributed to Ch`u Yuan. |
| 504 ## - BIBLIOGRAPHY, ETC. NOTE | |
| Bibliography, etc | Includes bibliographical references and index. |
| 650 #0 - SUBJECT ADDED ENTRY--TOPICAL TERM | |
| Topical term or geographic name as entry element | Shamanism. |
| 9 (RLIN) | 69412 |
| Topical term or geographic name as entry element | Shamanism |
| Geographic subdivision | China. |
| 9 (RLIN) | 69413 |
| Topical term or geographic name as entry element | Chinese poetry |
| General subdivision | Translations into English. |
| 9 (RLIN) | 69414 |
| Topical term or geographic name as entry element | English poetry. |
| 9 (RLIN) | 69415 |
| 651 #0 - SUBJECT ADDED ENTRY--GEOGRAPHIC NAME | |
| Geographic name | China |
| General subdivision | Religion. |
| 9 (RLIN) | 69416 |
| 700 1# - ADDED ENTRY--PERSONAL NAME | |
| Personal name | Waley, Arthur. |
| 942 ## - ADDED ENTRY ELEMENTS (KOHA) | |
| Source of classification or shelving scheme | Dewey Decimal Classification |
| Koha item type | Books |
| Lost status | Source of classification or shelving scheme | Damaged status | Not for loan | Collection code | Permanent Location | Current Location | Shelving location | Date acquired | Source of acquisition | Cost, normal purchase price | Total Checkouts | Full call number | Date last seen | Copy number | Koha item type |
|---|---|---|---|---|---|---|---|---|---|---|---|---|---|---|---|
| Dewey Decimal Classification | Added to bundle | Fiction | Central Library, University of Rajshahi | Central Library, University of Rajshahi | Reading Room | 06/03/1973 | Black well | 0.50 | 895.11 CHN 1956 | 08/03/2014 | C-1 | Books |